Ξεπερνώντας το άγχος : ένας οδηγός αυτοβοήθειας με γνωσιακές-συμπεριφοριστικές τεχνικές

Αποθηκεύτηκε σε:
Λεπτομέρειες βιβλιογραφικής εγγραφής
Κύριος συγγραφέας: Kennerley, Helen
Άλλοι συγγραφείς: Ευσταθίου, Γιώργος Τ. (Μεταφραστής), Αγγελή, Κατερίνα (trlf), Φατούρου - Χαρίτου, Μίκα (edtf)
Μορφή: Βιβλίο
Γλώσσα:Greek
English
Δημοσίευση: Αθήνα : Πεδίο, c2020.
Σειρά:Ψυχολογική βοήθεια και αυτοεκπαίδευση
Θέματα:
Ετικέτες: Προσθήκη ετικέτας
Δεν υπάρχουν, Καταχωρήστε ετικέτα πρώτοι!

MARC

LEADER 00000cam a2200000 a 4500
001 1/122010
008 200902s2020####gr | ||| |||| ||gre||
020 |a 9789606352171  
040 |a GR-MyUa  |b gre  |c GR-MyUa  |e AACR2 
041 1 |a gre  |h eng 
082 7 |a 616.891   |2 (23) 
100 1 |a Kennerley, Helen. 
245 1 0 |a Ξεπερνώντας το άγχος :   |b ένας οδηγός αυτοβοήθειας με γνωσιακές-συμπεριφοριστικές τεχνικές /   |c Helen Kennerley ; μετάφραση : Γιώργος Ευσταθίου, Κατερίνα Αγγελή ; επιστημονική επιμέλεια : Μίκα Χαρίτου-Φατούρου.  
260 |a Αθήνα :   |b Πεδίο,   |c c2020.  
300 |a 303 σ. :   |b σχήμ. ;   |c 21 εκ.  
490 1 |a (Ψυχολογική βοήθεια και αυτοεκπαίδευση)  
500 |a Τίτλος πρωτοτύπου: Overcoming anxiety.  
500 |a Ειδική έκδοση για την εφημερίδα Το Βήμα.  
504 |a Βιβλιογραφία: σ. 279-280.  
650 0 |a Anxiety. 
650 0 |a Anxiety disorders. 
650 0 |a Anxiety  |x Prevention. 
650 0 |a Stress (Psychology) 
650 0 |a Fear. 
650 0 |a Stress, Psychological  |x Therapy. 
700 1 |a Ευσταθίου, Γιώργος Τ.  |e trl 
700 1 |a Αγγελή, Κατερίνα,  |e trlf 
700 1 |a Φατούρου - Χαρίτου, Μίκα,  |e edtf 
830 0 |a Ψυχολογική βοήθεια και αυτοεκπαίδευση 
852 |a INST  |b RHODES  |e 20200902  |h 616.891 KEN  |p 005400041692  |q 005400041692  |t BK  |y 0 
920 |a Βιβλιοθήκη Τράπεζα της Ελλάδος  |y Ρόδος  |z 2020-08 
970 |a Μαρία  |b Κωτάκου  |z 02-09-2020